National Assembly Library of Thailand

ที่สุดในโลก ที่สุดในประเทศ / (ระเบียนเลขที่ 68547)

รายละเอียดในรูปแบบ MARC
000 -LEADER
fixed length control field 00754nam a22001937a 4500
005 - DATE AND TIME OF LATEST TRANSACTION
control field 20210325211333.0
008 - FIXED-LENGTH DATA ELEMENTS--GENERAL INFORMATION
fixed length control field s2555 th ||||| |||| 00| 0 tha d
020 ## - INTERNATIONAL STANDARD BOOK NUMBER
International Standard Book Number 9786167619743
040 ## - CATALOGING SOURCE
Original cataloging agency NALT
050 ## - LIBRARY OF CONGRESS CALL NUMBER
Classification number AC 159
Item number พ782ท 2555
100 0# - MAIN ENTRY--PERSONAL NAME
Personal name พิสินี อมรกานต์
9 (RLIN) 42656
245 10 - TITLE STATEMENT
Title ที่สุดในโลก ที่สุดในประเทศ /
Statement of responsibility, etc. พิสินี อมรกานต์.
260 ## - PUBLICATION, DISTRIBUTION, ETC.
Place of publication, distribution, etc. กรุงเทพฯ :
Name of publisher, distributor, etc. พิมพ์อักษร,
Date of publication, distribution, etc. 2555.
300 ## - PHYSICAL DESCRIPTION
Extent 256 หน้า ;
Other physical details 21 ซม.
650 #4 - SUBJECT ADDED ENTRY--TOPICAL TERM
Topical term or geographic name entry element ความรู้ทั่วไป
9 (RLIN) 7244
850 ## - HOLDING INSTITUTION
Holding institution NALT
942 ## - ADDED ENTRY ELEMENTS (KOHA)
Koha item type General Book
Koha issues (borrowed), all copies 1
Source of classification or shelving scheme Library of Congress Classification
รายการที่มีในห้องสมุด
Withdrawn status Lost status Source of classification or shelving scheme Damaged status Not for loan Collection code Home library Current library Source of acquisition Cost, normal purchase price Total Checkouts Full call number Barcode Date last seen Copy number Cost, replacement price Price effective from Koha item type Total Renewals Date last checked out
    Library of Congress Classification     General Book collection National Assembly Library of Thailand National Assembly Library of Thailand จัดซื้อทรัพยากร 170.00   AC 159 พ782ท 2555 3961194441 09/06/2017 ฉ.1 220.00 09/06/2017 General Book    
    Library of Congress Classification     General Book collection National Assembly Library of Thailand National Assembly Library of Thailand จัดซื้อทรัพยากร 170.00 1 AC 159 พ782ท 2555 3961194442 29/11/2017 ฉ.2 220.00 09/06/2017 General Book 1 16/11/2017
หอสมุดรัฐสภา
สำนักงานเลขาธิการสภาผู้แทนราษฎร เลขที่ 1111 ถนนสามเสน แขวงถนนนครไชยศรี เขตดุสิต กรุงเทพฯ 10300
The Secretariat of the House of Representatives 1111 Samsen Road, Thanon Nakhon Chai Si, Dusit, Bangkok 10300, THAILAND
โทรศัพท์: +66(0) 2242 5900 ต่อ 5714-5 โทรสาร: +66(0) 2242 5990 อีเมล: [email protected]